Evrenin koruyucu balıkları / (Record no. 22312)

MARC details
000 -BAŞLIK
Sabit Uzunluktaki Kontrol Alanı 00619nam a22001937a 4500
003 - KONTROL NUMARASI KİMLİĞİ
Kontrol Alanı koha_MIRAKIL
005 - EN SON İŞLEM TARİHİ ve ZAMANI
Kontrol Alanı 20250520135924.0
008 - SABİT UZUNLUKTAKİ VERİ ÖGELERİ - GENEL BİLGİ
Sabit Alan 250520b tur||||| |||| 00| 0 tur d
020 ## - ISBN - ULUSLARARASI STANDART KİTAP NUMARASI
Isbn 9786257537568
040 ## - KATALOGLAMA KAYNAĞI
Özgün Kataloglama Kurumu TR-IsEVY
Kataloglama Dili tur
Çeviri Kurumu TR-IsEVY
082 ## - DEWEY ONU SINIFLAMA SİSTEMİ
Sınıflama Numarası FIC KAS/E
100 ## - KİŞİ ADI
Yazar Adı (Kişi adı) Kasparavicius, Kestutis
245 #0 - ESER ADI BİLDİRİMİ
Başlık Evrenin koruyucu balıkları /
Sorumluluk Bildirimi Kestutis Kasparavicius.
260 ## - YAYIN, DAĞITIM, VB.
Yayın Yeri İstanbul :
Yayınevi Yeni İnsan Yayınevi,
Yayın Tarihi 2022.
300 ## - FİZİKSEL TANIMLAMA
Sayfa, Cilt vb. 32 s. :
Diğer fiziki detaylar renkli resimli ;
Boyutları 24 cm.
490 0# - DİZİ BİLDİRİMİ
Dizi Bildirimi Fide Serisi ;
Cilt Numarası 54.
650 ## - KONU BAŞLIĞI EK GİRİŞ - KONU TERİMİ
Konusal terim veya coğrafi ad Çocuk Edebiyatı.
Alt başlık biçimi Resimli Kitaplar.
-- Denizler.
-- Hayal Gücü.
942 ## - EK GİRİŞ ÖGELERİ (KOHA)
Source of classification or shelving scheme Dewey Decimal Classification
Koha item type Kitap
Holdings
Kayıp Durumu Sınıflandırma Kaynağı Hasarlı Durumu Koleksiyon Kodu Kalıcı Konum Mevcut Konum Kayıt Tarih Edinim Kaynağı Toplam Ödünçverme Yer Numarası Demirbaş Numarası Son Görülme Tarihi Fatura Tarihi Materyal Türü
  Dewey Decimal Classification   İlkokul İLKOKUL KÜTÜPHANESİ İLKOKUL KÜTÜPHANESİ 20/05/2025 Satınalma   FIC KAS/E 23606 20/05/2025 20/05/2025 Kitap